<?xml version="1.0" encoding="UTF-8"?><?xml-stylesheet type="text/xsl" href="static/style.xsl"?><OAI-PMH xmlns="http://www.openarchives.org/OAI/2.0/" xmlns:xsi="http://www.w3.org/2001/XMLSchema-instance" xsi:schemaLocation="http://www.openarchives.org/OAI/2.0/ http://www.openarchives.org/OAI/2.0/OAI-PMH.xsd"><responseDate>2026-04-13T13:29:26Z</responseDate><request verb="GetRecord" identifier="oai:www.recercat.cat:2072/428824" metadataPrefix="marc">https://recercat.cat/oai/request</request><GetRecord><record><header><identifier>oai:recercat.cat:2072/428824</identifier><datestamp>2024-10-31T02:10:48Z</datestamp><setSpec>com_2072_98</setSpec><setSpec>col_2072_378192</setSpec></header><metadata><record xmlns="http://www.loc.gov/MARC21/slim" xmlns:dcterms="http://purl.org/dc/terms/" xmlns:xsi="http://www.w3.org/2001/XMLSchema-instance" xmlns:doc="http://www.lyncode.com/xoai" xsi:schemaLocation="http://www.loc.gov/MARC21/slim http://www.loc.gov/standards/marcxml/schema/MARC21slim.xsd">
   <leader>00925njm 22002777a 4500</leader>
   <datafield ind2=" " ind1=" " tag="042">
      <subfield code="a">dc</subfield>
   </datafield>
   <datafield ind2=" " ind1=" " tag="720">
      <subfield code="a">Carrillo, Carmen (Carrillo Aguilera)</subfield>
      <subfield code="e">author</subfield>
   </datafield>
   <datafield ind2=" " ind1=" " tag="720">
      <subfield code="a">Viladot, Laia</subfield>
      <subfield code="e">author</subfield>
   </datafield>
   <datafield ind2=" " ind1=" " tag="720">
      <subfield code="a">Pérez Moreno, Jèssica</subfield>
      <subfield code="e">author</subfield>
   </datafield>
   <datafield ind2=" " ind1=" " tag="260">
      <subfield code="c">2017</subfield>
   </datafield>
   <datafield ind2=" " ind1=" " tag="520">
      <subfield code="a">Este artículo estudia el impacto de la educación musical cursada en las enseñanzas obligatorias a partir de una revisión de la literatura académica existente. La búsqueda en bases de datos especializadas proporcionó un total de 25 artículos publicados durante el periodo 2005 - 2016. Tras analizarlos se establecieron dos categorías de impacto: DENTRO, en relación con la propia disciplina y FUERA, con implicaciones más allá de la disciplina. Buena parte de las publicaciones analizadas contemplaron el impacto de acuerdo con temáticas que sobrepasan lo que es estrictamente la educación musical obligatoria abarcando aspectos personales, intelectuales y/o sociales. En consecuencia, se presenta una conceptualización de impacto en educación musical que va más allá de los aspectos mensurables asociados a las políticas educativas de reforma.</subfield>
   </datafield>
   <datafield ind2=" " ind1=" " tag="520">
      <subfield code="a">This paper examines the impact of school music education through an academic literature review. The search in specialized databases provided a total of 25 papers published during 2005 - 2016. The analysis revealed two categories in relation to impact: IN, that included those issues within the discipline, and OUT, with implications beyond it. Many of the analysed publications considered the impact based on topics that go beyond what strictly school music education is, including personal, intellectual and/or social aspects. This study presents a conceptualization of impact on music education that surpasses the measurable aspects associated with educational policy reforms.</subfield>
   </datafield>
   <datafield tag="653" ind2=" " ind1=" ">
      <subfield code="a">Impacto</subfield>
   </datafield>
   <datafield tag="653" ind2=" " ind1=" ">
      <subfield code="a">Educación musical</subfield>
   </datafield>
   <datafield tag="653" ind2=" " ind1=" ">
      <subfield code="a">Revisión de literatura</subfield>
   </datafield>
   <datafield tag="653" ind2=" " ind1=" ">
      <subfield code="a">Sociedad</subfield>
   </datafield>
   <datafield tag="653" ind2=" " ind1=" ">
      <subfield code="a">Impact;</subfield>
   </datafield>
   <datafield tag="653" ind2=" " ind1=" ">
      <subfield code="a">Music education</subfield>
   </datafield>
   <datafield tag="653" ind2=" " ind1=" ">
      <subfield code="a">Literature review</subfield>
   </datafield>
   <datafield tag="653" ind2=" " ind1=" ">
      <subfield code="a">Society</subfield>
   </datafield>
   <datafield ind2="0" ind1="0" tag="245">
      <subfield code="a">Impacto de la Educación Musical : una revisión de la literatura científica</subfield>
   </datafield>
</record></metadata></record></GetRecord></OAI-PMH>